Mobile and personal communication services and systems (Record no. 8339)

000 -LEADER
fixed length control field 00573 a2200157 4500
020 ## - INTERNATIONAL STANDARD BOOK NUMBER
International Standard Book Number 8120317106
040 ## - CATALOGING SOURCE
Original cataloging agency DLC
Language of cataloging DLC
082 ## - DEWEY DECIMAL CLASSIFICATION NUMBER
Classification number 621.3845
100 ## - MAIN ENTRY--PERSONAL NAME
Personal name Pandya, Raj.
245 ## - TITLE STATEMENT
Title Mobile and personal communication services and systems
Statement of responsibility, etc. Raj, Pandya.
260 ## - PUBLICATION, DISTRIBUTION, ETC.
Place of publication, distribution, etc. New York :
Name of publisher, distributor, etc. Institute of Electrical and Electronics Engineers,
Date of publication, distribution, etc. c2000.
300 ## - PHYSICAL DESCRIPTION
Extent xvii, 334 p. :
Other physical details ill. ;
Dimensions 24 cm.
500 ## - GENERAL NOTE
General note Includes bibliographical references and index
650 ## - SUBJECT ADDED ENTRY--TOPICAL TERM
Topical term or geographic name entry element 1.Personal communication service systems. 2.Mobile communication systems.
942 ## - ADDED ENTRY ELEMENTS (KOHA)
Koha item type Book
Call number prefix 621.3845 PAN
Source of classification or shelving scheme
Holdings
Withdrawn status Lost status Damaged status Not for loan Collection code Permanent Location Current Location Shelving location Date acquired Source of acquisition Cost, normal purchase price Total Checkouts Full call number Barcode Date last seen Price effective from Koha item type
          Central Library (CL) Central Library (CL) General Stacks 11/16/2005 Allied Book Company 357.75   621.3845 PAN SEECS006682 11/14/2012 01/05/2017 Book
          Central Library (CL) Central Library (CL) General Stacks 09/30/2004 Vanguard Books 302.17   621.3845 PAN SEECS004815 11/14/2012 01/05/2017 Book
© 2023 Central Library, National University of Sciences and Technology. All Rights Reserved.